L'expérience russe / (Record no. 136587)

MARC details
000 -LEADER
campo de control de longitud fija 00494nam a2200169 4500
001 - NÚMERO DE CONTROL
campo de control 136587
003 - IDENTIFICADOR DE NÚMERO DE CONTROL
campo de control ES-MaACL
005 - FECHA Y HORA DE LA ÚLTIMA TRANSACCIÓN
campo de control 20230906195156.0
007 - CAMPO FIJO DE DESCRIPCIÓN FÍSICA--INFORMACIÓN GENERAL
campo de control de longitud fija t|
008 - DATOS DE LONGITUD FIJA--INFORMACIÓN GENERAL
campo de control de longitud fija 070214s1922 fr r ||||1| fre d
100 1# - ENTRADA PRINCIPAL--NOMBRE DE PERSONA
Nombre de persona Ryss, Pierre.
9 (RLIN) 101114
245 12 - MENCIÓN DEL TÍTULO
Título L'expérience russe /
Mención de responsabilidad, etc. Pierre Ryss ; traduction française et preface de Raoul Labry.
260 ## - PUBLICACIÓN, DISTRIBUCIÓN, ETC.
Lugar de publicación, distribución, etc. Paris :
Nombre del editor, distribuidor, etc. Payot et Cie.,
Fecha de publicación, distribución, etc. 1922.
300 ## - DESCRIPCIÓN FÍSICA
Extensión XXXI, 254 p. ;
Dimensiones 19 cm.
700 1# - ENTRADA AGREGADA--NOMBRE PERSONAL
Nombre de persona Labry, Raoul.
9 (RLIN) 69305
852 ## - LOCALIZACIÓN
Ubicación ES-MaACL
Número de control de estantería G-3279
Holdings
Estatus retirado Estado de pérdida Estado de daño No para préstamo Biblioteca de origen Biblioteca actual Ubicación en estantería Fecha de adquisición Fuente de adquisición Total de préstamos Signatura topográfica completa Código de barras Visto por última vez Precio de reemplazo Tipo de ítem Koha
        Biblioteca del Ateneo de Madrid Biblioteca del Ateneo de Madrid Depósito 2 17/01/2008     G-3279 1142149 23/02/2023 23/02/2023 Libro impreso